000 00917nmm a2200277 a 4500
001 ocm000884730
003 TR-IsHL
005 20201028143800.0
008 141121s2013 tu tur
007 cr cn
020 _a9789944979818
035 _a884730
_b(N$T)
050 0 4 _aPQ2623.E24
_bÖ58 2013
090 0 4 _aPQ2623.E24
_bÖ58 2013
100 1 _aLeblanc, Maurice
245 1 0 _aArsen Lüpen: ölüm adası
_h[electronic resource] /
_cMaurice Leblanc ; çev. A. Erkin Köyligil
260 _aİstanbul :
_bAvrupa Yakası Yayınları,
_c2013
300 _a225 p.
650 4 _aDil ve Edebiyat
650 4 _aLanguage and Literature
650 0 _aFransız Romanı
650 0 _aFrench fiction
650 7 _aLITERARY COLLECTIONS / European / French
_2bisacsh
700 1 _aKöylügil, A. Erkin
856 4 0 _uhttp://search.ebscohost.com/login.aspx?direct=true&scope=site&db=e011xww&AN=884730
999 _c9084
_d9084